Premier League Team of the Year 2006/07 - Statistics

General Stats
  • This quiz has been taken 974 times
  • The average score is 10 of 11
Answer Stats
Nationality Club Position Answer % Correct
Ivory Coast Chelsea FW Didier Drogba
99%
Portugal Manchester United MF Cristiano Ronaldo
97%
Netherlands Manchester United GK Edwin van der Sar
97%
Serbia Manchester United DF Nemanja Vidic
97%
Wales Manchester United MF Ryan Giggs
97%
England Manchester United DF Rio Ferdinand
95%
England Liverpool MF Steven Gerrard
95%
France Manchester United DF Patrice Evra
92%
England Manchester United MF Paul Scholes
92%
Bulgaria Tottenham Hotspur FW Dimitar Berbatov
90%
England Manchester United DF Gary Neville
83%
No matching quizzes found
Score Distribution
Percent of People with Each Score
Percentile by Number Answered
Your Score History
You have not taken this quiz